Catalog

Record Details

Catalog Search



Personal evangelism  Cover Image Book Book

Personal evangelism / by James A. Steward

Stewart, James A. (Author).

Record details

  • Physical Description: 85 s.
  • Publisher: Washington, D.C. Russian Bible Society 1960

Available copies

  • 1 of 1 copy available at Common Catalog SPOK.

Holds

  • 0 current holds with 1 total copy.
Show All Copies
Location Call Number / Copy Notes Barcode Shelving Location Status Due Date
ETS Library 269.2 424470002344 Volný výběr Available -

LDR 00574nam a2 00217
00143723
003CZ-PrJAB
00520030506000000.0
008030506s1960 xxu e |||| |eng
009us
035 . ‡a(CONS)7007
035 . ‡aKPS3864
041 . ‡aeng
08214. ‡a269.2
100 . ‡73059 ‡aStewart, James A.
245 . ‡aPersonal evangelism / ‡cby James A. Steward
260 . ‡aWashington, D.C. ‡bRussian Bible Society ‡c1960
300 . ‡a85 s.
653 . ‡aPersonal evangelism
8524 . ‡bETS ‡bETS ‡cVolný výběr ‡j269.2 ‡gA ‡p424470002344
910 . ‡aABG450
999 . ‡a7007 ‡bAUTOGEN ‡c7007 ‡tbiblio
905 . ‡uadmin
901 . ‡a43723 ‡b ‡c43723 ‡tbiblio ‡sets

Additional Resources